<?xml version="1.0" encoding="UTF-8"?>
<marc:record xmlns:marc="http://www.loc.gov/MARC21/slim">
   <marc:leader>00000nam a2200000 a 4500</marc:leader>
   <marc:datafield ind1="1" ind2=" " tag="100">
      <marc:subfield code="a">Hebenstreit, Billa</marc:subfield>
      <marc:subfield code="4">aut</marc:subfield>
      <marc:subfield code="e">Verfasser/-in</marc:subfield>
   </marc:datafield>
   <marc:datafield ind1=" " ind2=" " tag="653">
      <marc:subfield code="a">Kleidungsstil</marc:subfield>
   </marc:datafield>
   <marc:datafield ind1=" " ind2=" " tag="653">
      <marc:subfield code="a">s||Kleidung</marc:subfield>
   </marc:datafield>
   <marc:datafield ind1=" " ind2=" " tag="653">
      <marc:subfield code="a">s||Farbenpsychologie</marc:subfield>
   </marc:datafield>
   <marc:datafield ind1=" " ind2=" " tag="653">
      <marc:subfield code="a">f||Ratgeber</marc:subfield>
   </marc:datafield>
   <marc:datafield ind1="0" ind2="0" tag="245">
      <marc:subfield code="a">Mein Typ</marc:subfield>
   </marc:datafield>
   <marc:datafield ind1="0" ind2="0" tag="245">
      <marc:subfield code="b">meine Kleidung - meine Farben ; [der sichere Weg zum persönlichen Kleidungsstil]</marc:subfield>
   </marc:datafield>
   <marc:datafield ind1="0" ind2="0" tag="245">
      <marc:subfield code="c">Billa Hebenstreit</marc:subfield>
   </marc:datafield>
   <marc:datafield ind1=" " ind2="1" tag="264">
      <marc:subfield code="a">München</marc:subfield>
      <marc:subfield code="b">Ehrenwirth</marc:subfield>
      <marc:subfield code="c">1995</marc:subfield>
   </marc:datafield>
   <marc:datafield ind1="1" ind2=" " tag="520">
      <marc:subfield code="a">Die Autorin, Lehrbeauftragte, Werbe- und Modegraphikerin, präsentiert hier eine andere Art der Farb- und Stilberatung für Frauen. In den Vordergrund stellt sie die eigene Persönlichkeit, die man mit Hilfe verschiedener Tests besser kennenlernen kann: Kleidung als Ausdruck der Persönlichkeit (auch abhängig vom Zeitgeist), Kleidung als Signalsprache. Eingeteilt werden die Frauen in 6 verschiedene Typen mit ihrer unterschiedlichen Wirkung auf die Umwelt. Die Wirkung ist jedoch nicht allein vom Stil abhängig, sondern auch von den gewählten Farben (Farbpsychologie, kritische Beleuchtung der Jahreszeitentypen) sowie von der Konstitution (ausführliche Vorschläge) und der Ausstrahlung. Informativer, ansprechend aufgemachter, reich illustrierter Ratgeber.</marc:subfield>
   </marc:datafield>
   <marc:datafield ind1=" " ind2=" " tag="020">
      <marc:subfield code="a">3431033733</marc:subfield>
      <marc:subfield code="9">3431033733</marc:subfield>
   </marc:datafield>
   <marc:datafield ind1="0" ind2=" " tag="490">
      <marc:subfield code="v">0</marc:subfield>
   </marc:datafield>
   <marc:datafield ind1=" " ind2=" " tag="300">
      <marc:subfield code="a">136 S.,  zahlr. Ill. (z.T. farb.), Inh.</marc:subfield>
   </marc:datafield>
</marc:record>
